Statistics for FIFA World Cup: Best Young Players

Click here to take the quiz!

General Stats

  • This quiz has been taken 496 times
    (75 since last reset)
  • The average score is 5 of 16

Answer Stats

Year Nationality Answer % Correct
2018FranceKylian M'Bappé
96%
1958BrazilPelé
81%
2010GermanyThomas Müller
69%
2014FrancePaul Pogba
61%
1998EnglandMichael Owen
50%
2002USALandon Donovan
47%
2006GermanyLukas Podolski
44%
1966(West) GermanyFranz Beckenbauer
22%
1970PeruTeófilo Cubillas
15%
1990YugoslaviaRobert Prosinecki
10%
1994NetherlandsMarc Overmars
10%
1962HungaryFlórián Albert
8%
1986BelgiumEnzo Scifo
8%
1974PolandWladyslaw Zmuda
4%
1978ItalyAntonio Cabrini
3%
1982FranceManuel Amoros
1%

Score Distribution

Percentile by Number Answered

Percent of People with Each Score

Your Score History

You have not taken this quiz since the last reset